Name the Marvel Movie. - Statistics

General Stats
  • This quiz has been taken 14 times
  • The average score is 6 of 8
Answer Stats
Description Answer % Correct
From Criminal to Hero, size doesn't matter with him. He could stomp you like an ant or, lift you up from beneath your feat, whatever way it is he will stop at no cost to protect his loved ones. Ant-Man
100%
At first just a normal Doctor, gets into a dangerous car accident and has to go through the mystic ranks to become the Sorcerer Supreme. He fights a being of chaos and it's followers. He loses his wife because of the car accident but becomes stronger than ever. Dr Strange
91%
A man who lost his heart because of a grenade gets kidnapped by Afghanis, he gets a electrical heart as a source for living. His former apprentice takes his place after he got kidnapped but goes corrupt and becomes his number 1. enemy. He must stop him or else the entire city is endanger. Iron Man
91%
An all mighty being from a world apart from our own, he is a GOD but loses his powers because of his father. He regains them when he hears the people he cares about in danger. He has a brother who sought to become king but instead nearly kills his father. Thor
91%
A mysterious land hidden from the Outside World in Africa. A kingdom of peace is re-run when there newly coronated king is overthrown by a new comer. This new comer seeks revenge against the King's Father but doesn't know why. Black Panther
82%
A soldier in 1941, enhanced with a mysterious serum, he is tall muscular and handsome, may even had some ladies chasing him. He will protect and serve for his Country no matter the cost. Captain America The First Avenger
73%
A mysterious green person soaring through the air, red and blue he will stop you. He saves the city of New York just for the girl he loves. His best friend hates his Hero persona but doesn't know it is him. Spider-man
73%
An autonomous being, created by a philanthropist seeks revenge against his creator. He plans to destroy the city of which his fellow criminals live. The team must stop him, genius scientist helps create another being as strong as this robot. Avengers Age of Ultron
45%
No matching quizzes found
Score Distribution
Percent of People with Each Score
Percentile by Number Answered
Your Score History
You have not taken this quiz